¿Dislexia o analfabetismo : (Record no. 16310)
[ view plain ]
| 000 -CABECERA | |
|---|---|
| campo de control de longitud fija | 00751nam a2200241 a 4500 |
| 001 - NÚMERO DE CONTROL | |
| campo de control | 000000792 |
| 005 - FECHA Y HORA DE LA ÚLTIMA TRANSACCIÓN | |
| campo de control | 20250829063930.0 |
| 008 - ELEMENTOS DE LONGITUD FIJA--INFORMACIÓN GENERAL | |
| campo de control de longitud fija | 991125s1992 mx 000 0 spa u |
| 020 ## - NÚMERO INTERNACIONAL NORMALIZADO PARA LIBROS | |
| Número Internacional Estándar del Libro | 9681844017 |
| 035 ## - NÚMERO DE CONTROL DEL SISTEMA | |
| Número de control de sistema | UPN01000016310 |
| 049 ## - COLECCIÓN | |
| Colección | CG |
| 050 #4 - SIGNATURA TOPOGRÁFICA DE LA BIBLIOTECA DEL CONGRESO | |
| Número de clasificación | LB1050.5 |
| Número de documento/Ítem | Y6.38 |
| 100 1# - ASIENTO PRINCIPAL--NOMBRE PERSONAL | |
| Nombre de persona | Young, Peter |
| 245 11 - MENCIÓN DE TÍTULO | |
| Título | ¿Dislexia o analfabetismo : |
| Resto del título | el derecho de todos a leer / |
| Mención de responsabilidad, etc. | Peter Young, Colin Tyre ; tr. Claudio M. Ardisson Pérez. |
| 260 ## - PUBLICACIÓN, DISTRIBUCIÓN, ETC. | |
| Lugar de publicación, distribución, etc. | México : |
| Nombre del editor, distribuidor, etc. | Limusa : |
| -- | Noriega, |
| Fecha de publicación, distribución, etc. | 1992. |
| 300 ## - DESCRIPCIÓN FÍSICA | |
| Extensión | 206 p. |
| 590 ## - NOTA LOCAL (RLIN) | |
| Nota local | (También localizas un ejemplar en el "Area de Reserva") |
| 590 ## - NOTA LOCAL (RLIN) | |
| Nota local | Bibliografía Básica (BGTQ) |
| 650 #4 - ASIENTO SECUNDARIO DE MATERIA - TERMINO TEMATICO | |
| Término de materia o nombre geográfico como elemento de entrada | Analfabetismo |
| 9 (RLIN) | 4901 |
| 650 #2 - ASIENTO SECUNDARIO DE MATERIA - TERMINO TEMATICO | |
| Término de materia o nombre geográfico como elemento de entrada | Dislexia |
| 9 (RLIN) | 7896 |
| 700 1# - ASIENTO SECUNDARIO--NOMBRE DE PERSONAL | |
| Nombre de persona | Tyre, Colin, |
| Término indicativo de función/relación | coaut. |
| 905 ## - TIPO DE MATERIAL | |
| Tipo de material | Libro |
| Estado de retiro | Estado de pérdida | Fuente del sistema de clasificación o colocación | Estado dañado | No para préstamo | Código de colección | Localización permanente | Ubicación/localización actual | Ubicación en estantería | Total de préstamos | Clasificación | Código de barras | Fecha visto por última vez | Número de copia | Tipo de ítem Koha | Fecha de adquisición | Renovaciones totales | Fecha del último préstamo | Restricciones de uso |
|---|---|---|---|---|---|---|---|---|---|---|---|---|---|---|---|---|---|---|
| Library of Congress Classification | Colección General | Bib. Gregorio Torres Quintero | Bib. Gregorio Torres Quintero | Planta baja | 28 | LB1050.5 Y6.38 | 127845 | 03/09/2021 | 1 | Libro | ||||||||
| Library of Congress Classification | Colección General | Bib. Gregorio Torres Quintero | Bib. Gregorio Torres Quintero | Planta baja | 30 | LB1050.5 Y6.38 | 158789 | 17/04/2023 | 1 | Libro | 03/03/2023 | 1 | 03/03/2023 | |||||
| Library of Congress Classification | Colección General | Bib. Gregorio Torres Quintero | Bib. Gregorio Torres Quintero | Planta baja | 22 | LB1050.5 Y6.38 | 158788 | 14/08/2023 | 1 | Libro | 29/06/2023 | 29/06/2023 | ||||||
| Library of Congress Classification | Colección General | Bib. Gregorio Torres Quintero | Bib. Gregorio Torres Quintero | Planta baja | 27 | LB1050.5 Y6.38 | 127846 | 03/03/2023 | 1 | Libro | 18/01/2023 | 2 | 18/01/2023 | |||||
| Library of Congress Classification | Bibliografía básica | Bib. Gregorio Torres Quintero | Bib. Gregorio Torres Quintero | Colecciones especiales Planta alta | 9 | LB1050.5 Y6.38 | 127844 | 31/12/2020 | 1 | Libro por horas | 30/01/2023 | Préstamo por horas |
